| 000 | 00578nam a22002057a 4500 | ||
|---|---|---|---|
| 008 | 150622b xxu||||| |||| 00| 0 eng d | ||
| 020 | _a9780536874863 | ||
| 020 | _a0536874867 | ||
| 041 | 0 | _aeng | |
| 080 | _a33 | ||
| 100 | _aHubbard, R. Glenn; O'Brien Patrick Anthony; | ||
| 245 |
_aEconomics / _cR. Glenn Hubbard; Anthony Patrick O'Brien;. |
||
| 250 | _a2nd Edition | ||
| 260 |
_aNew Jersey: _bPearson Education; _c2008. |
||
| 300 |
_a926 f.: _bme il.; _c25 cm. |
||
| 500 | _aPreface: f.viii-xii | ||
| 505 | _aIndex: f.I1-I26 | ||
| 650 | 0 | _aEkonomiks | |
| 942 |
_2udc _cBK |
||
| 999 |
_c1067 _d1067 |
||